000 00642nam a2200229 a 4500
001 511
003 BR-CuiBMT
005 20231108183239.0
008 231108s2006 spb 000 0 por d
020 _a8502054732
040 _aBR-CuiBMT
_cBR-CuiBMT
080 _22007
_a342.9
090 _a342.9
_bJ96c
_c2. ed.
100 1 _aJusten Filho, Marçal
245 1 0 _aCurso de direito administrativo /
_cMarçal Justen Filho.
250 _a2. ed., rev. e atual.
260 _aSão Paulo:
_bSaraiva,
_c2006.
300 _a851 p.;
_c23 cm
504 _ainclui bibliografia e índice.
650 _aDireito administrativo
_zBrasil
942 _2udc
_cLV
999 _c511
_d511